Counter-Strike IEM Rio Major 2022 Challengers Stage Players - Statistics

General Stats
  • This quiz has been taken 2 times
  • The average score is 74 of 80
Answer Stats
Team Country Player % Correct
GamerLegion Denmark acoR
100%
Vitality France apEX
100%
FURIA Brazil arT
100%
Evil Geniuses United States autimatic
100%
Cloud9 Russia Ax1Le
100%
IHC Mongolia bLitz
100%
Imperial Brazil boltz
100%
Evil Geniuses United States Brehze
100%
9z Argentina buda
100%
Evil Geniuses Bulgaria CeRq
100%
Imperial Brazil chelo
100%
00NATION Brazil coldzera
100%
9z Chile dav1deuS
100%
OG Russia degster
100%
MOUZ Australia dexter
100%
9z Uruguay dgt
100%
FURIA Brazil drop
100%
00NATION Brazil dumau
100%
Vitality Denmark dupreeh
100%
OG Poland F1KU
100%
Imperial Brazil FalleN
100%
Outsiders Russia fame
100%
fnatic Netherlands FASHR
100%
Imperial Brazil fer
100%
Outsiders Russia FL1T
100%
OG Israel flameZ
100%
MOUZ Slovakia frozen
100%
Bad News Eagles Kosovo gxx-
100%
Evil Geniuses Canada HexT
100%
Cloud9 Kazakhstan HObbit
100%
GamerLegion Romania iM
100%
Cloud9 Russia interz
100%
GamerLegion Sweden isak
100%
Outsiders Russia Jame
100%
MOUZ Germany JDC
100%
Bad News Eagles Kosovo juanflatroo
100%
GamerLegion Belgium Keoz
100%
BIG Germany Krimbo
100%
fnatic Sweden KRIMZ
100%
FURIA Brazil KSCERATO
100%
00NATION Brazil latto
100%
Vitality Denmark Magisk
100%
9z Uruguay max
100%
fnatic United Kingdom mezii
100%
Outsiders Russia n0rb3r7
100%
Cloud9 Russia nafany
100%
Evil Geniuses Kazakhstan neaLaN
100%
OG Czech Republic NEOFRAG
100%
OG Serbia nexa
100%
fnatic Denmark nicoodoz
100%
9z Brazil nqz
100%
Outsiders Kazakhstan Qikert
100%
Bad News Eagles Switzerland rigoN
100%
fnatic Denmark roeJ
100%
BIG Germany s1n
100%
FURIA Brazil saffee
100%
Bad News Eagles Kosovo SENER1
100%
Cloud9 Russia sh1ro
100%
Bad News Eagles Kosovo sinnopsyy
100%
GamerLegion Poland siuhy
100%
Vitality Israel Spinx
100%
BIG Germany syrsoN
100%
BIG Germany tabseN
100%
IHC Mongolia Techno
100%
MOUZ Hungary torzsi
100%
00NATION Argentina try
100%
Imperial Brazil VINI
100%
MOUZ Israel xertioN
100%
FURIA Brazil yuurih
100%
Vitality France ZywOo
100%
Grayhound Australia aliStair
50%
IHC Mongolia Annihilation
50%
Grayhound Australia INS
50%
BIG Germany k1to
50%
Grayhound Australia Liazz
50%
Grayhound New Zealand Sico
50%
IHC Mongolia sk0R
50%
00NATION Brazil TACO
50%
IHC Mongolia kabal
0%
Grayhound Australia Vexite
0%
No matching quizzes found
Score Distribution
Percent of People with Each Score
Percentile by Number Answered
Your Score History
You have not taken this quiz